<?xml version="1.0" encoding="UTF-8"?>
<record
    xmlns:xsi="http://www.w3.org/2001/XMLSchema-instance"
    xsi:schemaLocation="http://www.loc.gov/MARC21/slim http://www.loc.gov/standards/marcxml/schema/MARC21slim.xsd"
    xmlns="http://www.loc.gov/MARC21/slim">

  <leader>02502cam a22003614a 4500</leader>
  <datafield tag="999" ind1=" " ind2=" ">
    <subfield code="c">20910</subfield>
    <subfield code="d">20910</subfield>
  </datafield>
  <controlfield tag="001">14310887</controlfield>
  <controlfield tag="005">20170120151447.0</controlfield>
  <controlfield tag="008">060322s2006    cauab    b    000 0 eng  </controlfield>
  <datafield tag="010" ind1=" " ind2=" ">
    <subfield code="a">  2006009929</subfield>
  </datafield>
  <datafield tag="020" ind1=" " ind2=" ">
    <subfield code="a">0833038672 (pbk. : alk. paper)</subfield>
  </datafield>
  <datafield tag="020" ind1=" " ind2=" ">
    <subfield code="a">9780833038678</subfield>
  </datafield>
  <datafield tag="035" ind1=" " ind2=" ">
    <subfield code="a">(OCoLC)ocm65400195</subfield>
  </datafield>
  <datafield tag="040" ind1=" " ind2=" ">
    <subfield code="a">DLC</subfield>
    <subfield code="c">DLC</subfield>
    <subfield code="d">YDX</subfield>
    <subfield code="d">BAKER</subfield>
    <subfield code="d">OCO</subfield>
    <subfield code="d">CZL</subfield>
    <subfield code="d">XLM</subfield>
    <subfield code="d">TTU</subfield>
    <subfield code="d">DLC</subfield>
  </datafield>
  <datafield tag="042" ind1=" " ind2=" ">
    <subfield code="a">pcc</subfield>
  </datafield>
  <datafield tag="043" ind1=" " ind2=" ">
    <subfield code="a">n-us---</subfield>
  </datafield>
  <datafield tag="050" ind1="0" ind2="0">
    <subfield code="a">NX740</subfield>
    <subfield code="b">.L67 2006</subfield>
  </datafield>
  <datafield tag="100" ind1="1" ind2=" ">
    <subfield code="a">Lowell, Julia,</subfield>
    <subfield code="d">1961-</subfield>
  </datafield>
  <datafield tag="245" ind1="1" ind2="4">
    <subfield code="a">The arts and state governments :</subfield>
    <subfield code="b">at arm's length or arm in arm? /</subfield>
    <subfield code="c">Julia F. Lowell, Elizabeth Heneghan Ondaatje.</subfield>
  </datafield>
  <datafield tag="260" ind1=" " ind2=" ">
    <subfield code="a">Santa Monica, CA :</subfield>
    <subfield code="b">RAND Corporation,</subfield>
    <subfield code="c">2006.</subfield>
  </datafield>
  <datafield tag="300" ind1=" " ind2=" ">
    <subfield code="a">xvi, 68 p. :</subfield>
    <subfield code="b">ill., map ;</subfield>
    <subfield code="c">26 cm.</subfield>
  </datafield>
  <datafield tag="500" ind1=" " ind2=" ">
    <subfield code="a">"MG-359-WF."--P. [4] cover.</subfield>
  </datafield>
  <datafield tag="504" ind1=" " ind2=" ">
    <subfield code="a">Includes bibliographical references (p. 59-68).</subfield>
  </datafield>
  <datafield tag="505" ind1="0" ind2=" ">
    <subfield code="a">1. Introduction -- Research approach -- Report overview -- 2. At arms-length -- SAAS governance structure and decisionmaking processes -- Advocacy -- Insulation or isolation? -- 3. Catalysts for change -- Budgetary trends -- Political developments -- 4. Making the case for the arts in Montana -- Brief history of the Montana Arts Council -- Montana's new strategy : marketing the arts and the agency -- 5. New priorities for public arts funding in Maine -- Brief history of the Maine Arts Commission -- Maine's strategy : strengthening communities, strengthening alliances -- 6. Strategic management of state arts agencies -- Public-value framework -- Lessons from Montana and Maine -- Relevance of lessons to other states -- Arm in arm with state government leaders? -- 7. At arms-length-- but dancing -- Risks of arm-in-arm approaches -- Rewards of arm-in-arm approaches -- Appendix A. Some facts about state arts agencies -- Appendix B. Montana Arts Council's listening tour.</subfield>
  </datafield>
  <datafield tag="650" ind1=" " ind2="0">
    <subfield code="a">Government aid to the arts</subfield>
    <subfield code="z">United States</subfield>
    <subfield code="v">Case studies.</subfield>
  </datafield>
  <datafield tag="650" ind1=" " ind2="0">
    <subfield code="a">Art commissions</subfield>
    <subfield code="z">United States.</subfield>
  </datafield>
  <datafield tag="650" ind1=" " ind2="0">
    <subfield code="a">U.S. states</subfield>
    <subfield code="x">Cultural policy.</subfield>
  </datafield>
  <datafield tag="700" ind1="1" ind2=" ">
    <subfield code="a">Ondaatje, Elizabeth Heneghan.</subfield>
  </datafield>
  <datafield tag="856" ind1="4" ind2="1">
    <subfield code="3">Table of contents</subfield>
    <subfield code="u">http://www.loc.gov/catdir/toc/ecip0611/2006009929.html</subfield>
  </datafield>
  <datafield tag="942" ind1=" " ind2=" ">
    <subfield code="2">lcc</subfield>
    <subfield code="c">BOOKS</subfield>
    <subfield code="h">N34 .U72 1983</subfield>
  </datafield>
  <datafield tag="952" ind1=" " ind2=" ">
    <subfield code="0">0</subfield>
    <subfield code="1">0</subfield>
    <subfield code="2">lcc</subfield>
    <subfield code="4">0</subfield>
    <subfield code="7">0</subfield>
    <subfield code="a">MUC</subfield>
    <subfield code="b">MUC</subfield>
    <subfield code="c">GEN</subfield>
    <subfield code="d">2017-01-20</subfield>
    <subfield code="e">Donation(BFA)</subfield>
    <subfield code="l">0</subfield>
    <subfield code="o">N34 .U72 1983</subfield>
    <subfield code="p">31012</subfield>
    <subfield code="r">2017-01-20</subfield>
    <subfield code="w">2017-01-20</subfield>
    <subfield code="y">BOOKS</subfield>
  </datafield>
</record>
